00717 a2200193 4500010001400000020001700014035001300031037001800044082001400062245012800076260004200204270006400246300002500310500004000335500005400375700001600429700002300445710005500468 aENG-85282 c100.00 (App) aEN-68815 bD.B.Act / Pub14a363.340681 aNatural hazards and their management in Indian subcontinentcedited by Dolly Bose and Amitajyoti BagchibUGC seminar volume aKolkatabVivekanand College forc2005 aDepatment of Geology, BarishabKolkatacWest Bengale700008 a151 p.c24 cm. (Pbk) aIncludes bibliographical references aunpriced publication, price fixed Rs 100.00 (app) aBose, Dolly aBagchi, Amitajyoti aVivekanand College for WomenbDepatment of Geology